L'état: éléments d'histoire & de practique politique

Bewaard in:
Bibliografische gegevens
Hoofdauteur: Wilson, Woodrow (Auteur)
Formaat: Boek
Taal:Frans
Gepubliceerd in: París V. Giard & E. Brière 1902
Reeks:Bibliothèque Internationale de Droit Public
Onderwerpen:
Tags: Voeg label toe
Geen labels, Wees de eerste die dit record labelt!

MARC

LEADER 00000nam a2200000 a 4500
001 UCT6320
003 CL-VaPUC
008 970106e19020000FR |||||||||||||||||fre|d
082 0 4 |a 320.1  |b WIL  |2 21 
100 0 |a Wilson, Woodrow  |e author  |9 376311 
245 1 2 |a L'état: éléments d'histoire & de practique politique 
300 |a 2 v 
942 |c BK 
945 |d 19970106 00:00:00  |a paguirre 
260 |a París  |b V. Giard & E. Brière  |c 1902 
500 |a v.1: Les anciennes formes de gouvernement: Grèce, Rome, Le Moyen Age. Les formes actuelles de gouvernement: France, Allemagne, Suisse 
500 |a v.2: Les formes actuelles de governement: Autrice-Hungrie, Suède-Norwége, Grande-Bretagne, Etats-Unis de L'Amerique du Nord. Synthèse: nature et formes de gouvernement, le droit, fonction et objet du governement 
650 0 |a Estado  |9 255503 
650 0 |a Ciencias Políticas  |9 255201 
650 0 |a Política  |9 255312 
650 0 |a Monarquía   |9 255259 
650 0 |a Gobierno   |9 255508 
650 7 |a SISTEMAS POLITICOS  |2 CL-VaPUC  |9 376356 
650 0 |a Historia  |9 255047 
651 0 |a Grecia  |9 265314 
651 0 |a Roma   |9 255106 
651 0 |a Francia  |9 255157 
651 0 |a Alemania  |9 255688 
651 0 |a Suiza   |9 256768 
651 7 |a AUSTRIA  |2 CL-VaPUC  |9 266851 
651 7 |a HUNGRIA  |2 CL-VaPUC  |9 336650 
651 0 |a Suecia   |9 268974 
651 7 |a NORUEGA  |2 CL-VaPUC  |9 268907 
651 0 |a Inglaterra  |9 255158 
651 0 |a Estados Unidos  |9 255178 
583 |a last modification  |c 19970106 00:00:00  |k Rodrigo Vera 
490 0 |a Bibliothèque Internationale de Droit Public 
999 |c 255033  |d 255031 
952 |0 0  |1 0  |4 0  |6 320_100000000000000_WIL_1902  |7 0  |8 X  |9 277070  |a BIBDER  |b BIBDER  |d 2019-11-19  |h v.1  |i 1801856  |o 320.1 WIL 1902  |p 1801856  |r 2023-01-25  |w 2019-11-19  |y BK_X  |k DER 
952 |0 0  |1 0  |4 0  |6 320_100000000000000_WIL_1902  |7 0  |8 X  |9 277071  |a BIBDER  |b BIBDER  |d 2019-11-19  |h v.2  |i 1801864  |o 320.1 WIL 1902  |p 1801864  |r 2023-01-25  |w 2019-11-19  |y BK_X  |k DER 
952 |0 0  |1 0  |4 0  |6 320_100000000000000_WIL_1902  |7 0  |8 X  |9 277072  |a BIBDER  |b BIBDER  |d 2019-11-19  |h v.1  |i 1954229  |o 320.1 WIL 1902  |p 1954229  |r 2023-01-25  |w 2019-11-19  |y BK_X  |k DER 
952 |0 0  |1 0  |4 0  |6 320_100000000000000_WIL_1902  |7 0  |8 X  |9 277073  |a BIBDER  |b BIBDER  |d 2019-11-19  |h v.2  |i 195427K  |o 320.1 WIL 1902  |p 195427K  |r 2023-01-25  |w 2019-11-19  |y BK_X  |k DER